Sposoby metallografičeskovo travlenija : Spravočnik /

Uložené v:
Podrobná bibliografia
Hlavní autori: Beckert, Manfred (Autor), Klemm, H (Autor)
Médium: Kniha
Jazyk:Russian
Vydavateľské údaje: Moskva : Metallurgija, 1988
Predmet:
Tagy: Pridať tag
Žiadne tagy, Buďte prvý, kto otaguje tento záznam!

MARC

LEADER 00000nam a22000003a 4500
001 stu34630
005 20150617225731.0
008 920323s1988----xxr-----------------rus-d
040 |a STU  |b slo 
041 0 |a rus 
044 |a xxr 
080 |a 620.183.2 
100 1 |a Beckert, Manfred  |4 aut 
245 1 |a Sposoby metallografičeskovo travlenija :  |b Spravočnik /  |c [aut.]M. Beckert, H. Klemm; Z nem. kol 
260 |a Moskva :  |b Metallurgija,  |c 1988 
300 |a 398 s 
650 7 |a Leptanie metalografické  |2 stusub 
650 7 |a metalografia  |2 stusub 
650 7 |a leptanie  |2 stusub 
700 1 |a Klemm, H  |4 aut 
996 |b 284M003543  |c M*4247-1  |l MMKN  |s A  |a 24  |w stu34630_0001